000 00641nam a2200193 a 4500
001 000032908
005 20240409073825.0
008 110801s1969 dr c 000 j spa d
040 _aDO-SdBNP
_bspa
_cBNPHU
082 _aRD863.44
_bH519c
100 1 _aHenríquez de Castro, Carmita
_958670
245 1 0 _aCuentos para niños /
_cCarmita Henríquez de Castro.
260 _aSanto Domingo :
_bImprenta Sánchez,
_c1969.
300 _a63 p. :
_bretr. ;
_c21 cm.
590 _aInventariado, 2019/BT
650 0 _aCuentos infantiles dominicanos
_9505
650 4 _aLiteratura infantil dominicana
_9441
910 _aValidado. Control de calidad MFF
999 _c32399
_d32399